[Event "DVM U12 2017"]
[Site "Magdeburg GER"]
[Date "2017.12.30"]
[Round "7"]
[White "Kraftsik, Christian"]
[Black "Duduka, Artem"]
[Result "0-1"]
[Termination "normal"]
[Board "4.1"]
[WhiteElo "1607"]
[BlackElo "1601"]
[WhiteClock "00:29:59"]
[BlackClock "00:52:08"]
[WhiteTeam "SC Vaterstetten"]
[BlackTeam "SF Nordost Berlin"]
[PlyCount "120"]
[WhiteFideId "16242548"]
[BlackFideId "14194805"]
[EventCountry "GER"]
[EventRounds "7"]
[EventType "team-swiss"]
[EventDate "2017.12.26"]

1. d4 {[%clk 1:30:57]} Nf6 {[%clk 1:30:53]} 2. c4 {[%clk 1:31:20]} g6 {[%clk
1:31:12]} 3. Nc3 {[%clk 1:31:44]} d5 {[%clk 1:31:31]} 4. Nf3 {[%clk 1:31:31]}
Bg7 {[%clk 1:31:38]} 5. Bf4 {[%clk 1:31:04]} c6 {[%clk 1:31:16]} 6. e3 {[%clk
1:29:44]} Bf5 {[%clk 1:29:35]} 7. a3 {[%clk 1:27:46]} Ne4 {[%clk 1:28:29]} 8.
Qc1 {[%clk 1:26:38]} O-O {[%clk 1:27:06]} 9. cxd5 {[%clk 1:26:02]} cxd5 {[%clk
1:27:03]} 10. Be2 {[%clk 1:22:36]} Nd7 {[%clk 1:26:26]} 11. Nxd5 {[%clk
1:21:27]} Qa5+ {[%clk 1:24:31]} 12. Nb4 {[%clk 1:20:31]} Rac8 {[%clk 1:23:59]}
13. Qd1 {[%clk 1:20:24]} Nb6 {[%clk 1:19:58]} 14. O-O {[%clk 1:20:00]} Nd5
{[%clk 1:15:57]} 15. Nxd5 {[%clk 1:19:11]} Qxd5 {[%clk 1:16:17]} 16. Be5 {[%clk
1:18:22]} f6 {[%clk 1:11:54]} 17. Bg3 {[%clk 1:17:21]} Kh8 {[%clk 1:08:48]} 18.
Qa4 {[%clk 1:10:11]} Nxg3 {[%clk 1:07:21]} 19. fxg3 {[%clk 1:09:50]} Rc2 {[%clk
1:07:06]} 20. Bd1 {[%clk 1:05:23]} Rxb2 {[%clk 1:06:07]} 21. Qxa7 {[%clk
1:03:12]} Bh6 {[%clk 1:05:18]} 22. Re1 {[%clk 1:01:39]} g5 {[%clk 1:02:52]} 23.
Qc5 {[%clk 0:59:30]} Qxc5 {[%clk 1:02:07]} 24. dxc5 {[%clk 0:59:25]} Rc8 {[%clk
1:00:58]} 25. Rc1 {[%clk 0:58:45]} Rb5 {[%clk 1:00:22]} 26. c6 {[%clk 0:52:32]}
Rxc6 {[%clk 0:59:24]} 27. Rxc6 {[%clk 0:49:46]} bxc6 {[%clk 0:59:44]} 28. Be2
{[%clk 0:48:38]} Ra5 {[%clk 0:58:43]} 29. Nd4 {[%clk 0:48:38]} Be4 {[%clk
0:58:39]} 30. Bf3 {[%clk 0:47:41]} Bxf3 31. gxf3 {[%clk 0:48:01]} Rxa3 {[%clk
0:56:35]} 32. Nxc6 {[%clk 0:48:15]} e5 {[%clk 0:56:26]} 33. g4 {[%clk 0:47:44]}
Bf8 {[%clk 0:56:38]} 34. Kg2 {[%clk 0:44:14]} Bc5 {[%clk 0:54:11]} 35. Kf2
{[%clk 0:39:26]} Kg7 {[%clk 0:53:30]} 36. h3 {[%clk 0:36:16]} Kf7 {[%clk
0:52:45]} 37. Nd8+ {[%clk 0:35:07]} Ke7 {[%clk 0:52:01]} 38. Nb7 {[%clk
0:35:16]} Bb6 {[%clk 0:52:09]} 39. Rd1 {[%clk 0:34:00]} Rxe3 {[%clk 0:51:35]}
40. Kg2 {[%clk 0:33:28]} Re2+ {[%clk 0:51:24]} 41. Kh1 {[%clk 0:32:41]} Rf2
{[%clk 0:50:05]} 42. Rd3 {[%clk 0:32:36]} Bd4 {[%clk 0:49:30]} 43. Na5 {[%clk
0:32:01]} Kd6 {[%clk 0:48:38]} 44. Nb3 {[%clk 0:32:02]} Kd5 {[%clk 0:48:44]}
45. Nxd4 {[%clk 0:32:03]} exd4 {[%clk 0:49:07]} 46. Kg1 {[%clk 0:32:10]} Ra2
{[%clk 0:49:14]} 47. Rb3 {[%clk 0:31:37]} Kc4 {[%clk 0:49:31]} 48. Rb7 {[%clk
0:30:21]} Kd3 {[%clk 0:49:47]} 49. Rxh7 {[%clk 0:30:34]} Kd2 {[%clk 0:50:05]}
50. Rd7 {[%clk 0:30:27]} d3 {[%clk 0:50:13]} 51. Rd6 {[%clk 0:30:31]} Kc2
{[%clk 0:50:13]} 52. Rxf6 {[%clk 0:28:56]} Kc1 {[%clk 0:50:18]} 53. Rd6 {[%clk
0:28:44]} d2 {[%clk 0:50:39]} 54. f4 {[%clk 0:28:39]} gxf4 {[%clk 0:50:27]} 55.
h4 {[%clk 0:29:02]} f3 {[%clk 0:50:45]} 56. g5 {[%clk 0:29:22]} f2+ {[%clk
0:51:07]} 57. Kf1 {[%clk 0:29:44]} d1=Q+ {[%clk 0:51:29]} 58. Rxd1+ {[%clk
0:30:09]} Kxd1 {[%clk 0:51:47]} 59. h5 {[%clk 0:30:37]} Ra5 {[%clk 0:51:50]}
60. h6 {[%clk 0:29:59]} Rxg5 {[%clk 0:52:08]} 0-1

[Event "DVM U12 2017"]
[Site "Magdeburg GER"]
[Date "2017.12.30"]
[Round "7"]
[White "Gutewort, Paul Emil"]
[Black "Lerchl, Clemens"]
[Result "1/2-1/2"]
[Termination "normal"]
[Board "4.2"]
[WhiteElo "1549"]
[BlackElo "1547"]
[WhiteClock "00:49:10"]
[BlackClock "01:10:19"]
[WhiteTeam "SF Nordost Berlin"]
[BlackTeam "SC Vaterstetten"]
[PlyCount "47"]
[WhiteFideId "16204182"]
[BlackFideId "16226372"]
[EventCountry "GER"]
[EventRounds "7"]
[EventType "team-swiss"]
[EventDate "2017.12.26"]

1. d4 {[%clk 1:30:58]} Nf6 {[%clk 1:30:53]} 2. c4 {[%clk 1:31:25]} g6 {[%clk
1:31:19]} 3. Nc3 {[%clk 1:31:51]} Bg7 {[%clk 1:31:45]} 4. Nf3 {[%clk 1:32:17]}
O-O {[%clk 1:32:06]} 5. Bg5 {[%clk 1:32:28]} d6 {[%clk 1:32:28]} 6. g3 {[%clk
1:32:43]} h6 {[%clk 1:32:42]} 7. Bxf6 {[%clk 1:32:34]} Bxf6 {[%clk 1:33:04]} 8.
Bg2 {[%clk 1:32:58]} Nc6 {[%clk 1:33:15]} 9. O-O {[%clk 1:33:07]} e5 {[%clk
1:32:00]} 10. dxe5 {[%clk 1:31:41]} Nxe5 {[%clk 1:31:45]} 11. Nxe5 {[%clk
1:31:39]} Bxe5 {[%clk 1:32:09]} 12. Qb3 {[%clk 1:31:45]} c6 {[%clk 1:31:33]}
13. Rfd1 {[%clk 1:30:58]} Qb6 {[%clk 1:30:39]} 14. Rd2 {[%clk 1:29:26]} Be6
{[%clk 1:24:15]} 15. Rad1 {[%clk 1:28:33]} Rad8 {[%clk 1:24:09]} 16. Ne4 {[%clk
1:09:24]} Qxb3 {[%clk 1:22:54]} 17. axb3 {[%clk 1:09:45]} d5 {[%clk 1:23:05]}
18. Nc5 {[%clk 1:09:26]} b6 {[%clk 1:19:25]} 19. Nd3 {[%clk 1:04:47]} Bg7
{[%clk 1:19:11]} 20. Nf4 {[%clk 1:04:39]} g5 {[%clk 1:13:26]} 21. Nxe6 {[%clk
1:03:50]} fxe6 {[%clk 1:13:40]} 22. e3 {[%clk 0:52:13]} Rd6 {[%clk 1:11:29]}
23. e4 {[%clk 0:49:03]} d4 {[%clk 1:10:19]} 24. Rd3 {[%clk 0:49:10]} 1/2-1/2

[Event "DVM U12 2017"]
[Site "Magdeburg GER"]
[Date "2017.12.30"]
[Round "7"]
[White "Röll, Lea"]
[Black "Reichmann, Felix"]
[Result "0-1"]
[Termination "normal"]
[Board "4.3"]
[WhiteElo "1208"]
[BlackElo "1628"]
[WhiteClock "00:25:57"]
[BlackClock "00:20:55"]
[WhiteTeam "SC Vaterstetten"]
[BlackTeam "SF Nordost Berlin"]
[PlyCount "116"]
[WhiteFideId "16255437"]
[BlackFideId "16238290"]
[EventCountry "GER"]
[EventRounds "7"]
[EventType "team-swiss"]
[EventDate "2017.12.26"]

1. d4 {[%clk 1:30:56]} g6 {[%clk 1:30:55]} 2. e3 {[%clk 1:31:20]} Bg7 {[%clk
1:31:19]} 3. Nf3 {[%clk 1:31:38]} c5 {[%clk 1:31:40]} 4. Be2 {[%clk 1:31:58]}
Nf6 {[%clk 1:31:53]} 5. Nbd2 {[%clk 1:31:02]} O-O {[%clk 1:31:49]} 6. O-O
{[%clk 1:31:25]} d5 {[%clk 1:32:07]} 7. h3 {[%clk 1:30:57]} b6 {[%clk 1:32:25]}
8. b3 {[%clk 1:30:22]} Nc6 {[%clk 1:29:37]} 9. Bb2 {[%clk 1:29:32]} Bb7 {[%clk
1:27:21]} 10. Rb1 {[%clk 1:25:32]} Qc7 {[%clk 1:26:00]} 11. c4 {[%clk 1:19:56]}
Rfd8 {[%clk 1:24:32]} 12. Qc1 {[%clk 1:16:19]} cxd4 {[%clk 1:15:09]} 13. exd4
{[%clk 1:13:21]} dxc4 {[%clk 1:12:47]} 14. Nxc4 {[%clk 1:10:55]} Nd5 {[%clk
1:05:17]} 15. Nce5 {[%clk 1:04:04]} Rac8 {[%clk 1:03:38]} 16. Bb5 {[%clk
1:01:31]} a6 {[%clk 0:40:13]} 17. Bxc6 {[%clk 1:01:01]} Bxc6 {[%clk 0:40:18]}
18. Nxc6 {[%clk 1:00:34]} Qxc6 {[%clk 0:39:10]} 19. Qxc6 {[%clk 1:00:57]} Rxc6
{[%clk 0:39:30]} 20. Rfd1 {[%clk 1:00:49]} Rc2 {[%clk 0:37:56]} 21. Rdc1 {[%clk
0:59:42]} Rdc8 {[%clk 0:35:53]} 22. Rxc2 {[%clk 0:58:36]} Rxc2 {[%clk 0:35:23]}
23. Ne1 {[%clk 0:57:48]} Rc7 {[%clk 0:30:57]} 24. Nf3 {[%clk 0:56:31]} Bh6
{[%clk 0:28:34]} 25. Ne5 {[%clk 0:46:02]} Nf4 {[%clk 0:22:52]} 26. Ng4 {[%clk
0:38:02]} Bg7 {[%clk 0:21:21]} 27. Kf1 {[%clk 0:36:07]} f5 {[%clk 0:19:13]} 28.
Ne3 {[%clk 0:32:04]} b5 {[%clk 0:16:32]} 29. h4 {[%clk 0:26:27]} Nd3 {[%clk
0:15:12]} 30. Ba1 {[%clk 0:24:13]} f4 {[%clk 0:14:22]} 31. Nd5 {[%clk 0:23:30]}
Rc2 {[%clk 0:13:22]} 32. Nxe7+ {[%clk 0:22:20]} Kf7 {[%clk 0:13:42]} 33. Nd5
{[%clk 0:22:14]} Rxf2+ {[%clk 0:14:04]} 34. Kg1 {[%clk 0:22:06]} Rxa2 {[%clk
0:14:20]} 35. Nc7 {[%clk 0:21:56]} Rxa1 {[%clk 0:14:24]} 36. Rxa1 {[%clk
0:21:13]} Bxd4+ {[%clk 0:14:43]} 37. Kf1 {[%clk 0:21:33]} Bxa1 {[%clk 0:15:04]}
38. Nxa6 {[%clk 0:21:48]} Be5 {[%clk 0:15:20]} 39. b4 {[%clk 0:20:43]} Bd6
{[%clk 0:15:29]} 40. Ke2 {[%clk 0:20:53]} Nxb4 {[%clk 0:15:39]} 41. Nxb4 {[%clk
0:21:14]} Bxb4 {[%clk 0:15:57]} 42. Kf3 {[%clk 0:21:38]} Bd6 {[%clk 0:16:20]}
43. Ke4 {[%clk 0:21:46]} b4 {[%clk 0:16:34]} 44. Kd3 {[%clk 0:21:56]} g5 {[%clk
0:16:37]} 45. hxg5 {[%clk 0:22:14]} Kg6 {[%clk 0:17:01]} 46. Kd2 {[%clk
0:21:52]} Kxg5 {[%clk 0:17:04]} 47. Kd3 {[%clk 0:22:11]} Kg4 {[%clk 0:17:26]}
48. Kd2 {[%clk 0:22:33]} Kg3 {[%clk 0:17:50]} 49. Kd3 {[%clk 0:22:56]} Kxg2
{[%clk 0:18:12]} 50. Kd2 {[%clk 0:23:17]} f3 {[%clk 0:18:36]} 51. Kd3 {[%clk
0:23:39]} f2 {[%clk 0:18:54]} 52. Kd4 {[%clk 0:24:03]} f1=Q {[%clk 0:19:06]}
53. Kd5 {[%clk 0:24:23]} Qd3+ {[%clk 0:19:30]} 54. Kc6 {[%clk 0:24:47]} b3
{[%clk 0:19:51]} 55. Kd7 {[%clk 0:24:58]} b2 {[%clk 0:20:02]} 56. Ke6 {[%clk
0:25:22]} b1=Q {[%clk 0:20:22]} 57. Kd7 {[%clk 0:25:41]} Qb7+ {[%clk 0:20:35]}
58. Ke6 {[%clk 0:25:57]} Qe7# {[%clk 0:20:55]} 0-1

[Event "DVM U12 2017"]
[Site "Magdeburg GER"]
[Date "2017.12.30"]
[Round "7"]
[White "Beck, Felix"]
[Black "Eisl, Ralf"]
[Result "1-0"]
[Termination "normal"]
[Board "4.4"]
[WhiteElo "1409"]
[BlackElo "1172"]
[WhiteClock "01:21:47"]
[BlackClock "01:11:05"]
[WhiteTeam "SF Nordost Berlin"]
[BlackTeam "SC Vaterstetten"]
[PlyCount "109"]
[WhiteFideId "16255364"]
[BlackFideId "16255445"]
[EventCountry "GER"]
[EventRounds "7"]
[EventType "team-swiss"]
[EventDate "2017.12.26"]

1. c4 {[%clk 1:30:59]} e5 {[%clk 1:30:54]} 2. g3 {[%clk 1:31:25]} Nc6 {[%clk
1:30:43]} 3. Bg2 {[%clk 1:31:45]} Nf6 {[%clk 1:31:03]} 4. Nc3 {[%clk 1:31:48]}
Bc5 {[%clk 1:29:43]} 5. e3 {[%clk 1:31:52]} h6 {[%clk 1:28:57]} 6. Nge2 {[%clk
1:31:47]} Ne7 {[%clk 1:27:18]} 7. O-O {[%clk 1:30:40]} d6 {[%clk 1:27:35]} 8.
d4 {[%clk 1:30:04]} Bb6 {[%clk 1:27:33]} 9. dxe5 {[%clk 1:25:12]} Ng4 {[%clk
1:26:11]} 10. exd6 {[%clk 1:21:40]} Qxd6 {[%clk 1:23:24]} 11. Qxd6 {[%clk
1:21:10]} cxd6 {[%clk 1:23:47]} 12. h3 {[%clk 1:20:59]} Ne5 {[%clk 1:23:55]}
13. b3 {[%clk 1:20:27]} O-O {[%clk 1:22:05]} 14. Rd1 {[%clk 1:19:55]} Rd8
{[%clk 1:21:21]} 15. Ba3 {[%clk 1:19:48]} Bc7 {[%clk 1:20:49]} 16. Nb5 {[%clk
1:19:36]} Nf5 {[%clk 1:18:48]} 17. Nxc7 {[%clk 1:19:40]} Rb8 {[%clk 1:18:50]}
18. Nb5 {[%clk 1:19:41]} Be6 {[%clk 1:16:47]} 19. Nxd6 {[%clk 1:19:44]} Nxd6
{[%clk 1:15:18]} 20. Bxd6 {[%clk 1:20:01]} Rbc8 {[%clk 1:13:09]} 21. Bxe5
{[%clk 1:20:22]} Rc5 {[%clk 1:13:26]} 22. Rxd8+ {[%clk 1:20:50]} Kh7 {[%clk
1:13:38]} 23. Bxb7 {[%clk 1:21:05]} Rxe5 {[%clk 1:13:54]} 24. Bd5 {[%clk
1:20:52]} Bxh3 {[%clk 1:13:45]} 25. Bg2 {[%clk 1:20:18]} Bg4 {[%clk 1:13:51]}
26. Re1 {[%clk 1:19:57]} Ra5 {[%clk 1:12:49]} 27. Nc3 {[%clk 1:19:47]} Rc5
{[%clk 1:12:00]} 28. Rd5 {[%clk 1:19:27]} Rc7 {[%clk 1:11:19]} 29. Nb5 {[%clk
1:19:45]} Re7 {[%clk 1:11:37]} 30. Rc5 {[%clk 1:19:20]} a6 {[%clk 1:11:33]} 31.
Rc7 {[%clk 1:19:09]} Re8 {[%clk 1:10:27]} 32. Nc3 {[%clk 1:18:56]} Be6 {[%clk
1:10:18]} 33. Bd5 {[%clk 1:18:44]} Bg4 {[%clk 1:08:15]} 34. Rxf7 {[%clk
1:18:05]} Bh5 {[%clk 1:08:12]} 35. Ra7 {[%clk 1:17:58]} Bg6 {[%clk 1:06:50]}
36. Bf7 {[%clk 1:18:03]} Bxf7 {[%clk 1:07:04]} 37. Rxf7 {[%clk 1:18:27]} Ra8
{[%clk 1:07:29]} 38. Rd1 {[%clk 1:18:45]} a5 {[%clk 1:07:44]} 39. Rdd7 {[%clk
1:19:03]} Rg8 {[%clk 1:08:09]} 40. Rf5 {[%clk 1:18:46]} Ra8 {[%clk 1:08:04]}
41. Rdd5 {[%clk 1:19:05]} a4 {[%clk 1:08:18]} 42. Nxa4 {[%clk 1:19:28]} Rg8
{[%clk 1:08:40]} 43. c5 {[%clk 1:19:44]} Rc8 {[%clk 1:08:44]} 44. Rf4 {[%clk
1:20:07]} Ra8 {[%clk 1:08:29]} 45. c6 {[%clk 1:20:20]} Ra7 {[%clk 1:08:34]} 46.
Rc4 {[%clk 1:20:45]} Rc7 {[%clk 1:08:47]} 47. Rd7 {[%clk 1:21:10]} Rc8 {[%clk
1:09:06]} 48. c7 {[%clk 1:21:36]} h5 {[%clk 1:09:08]} 49. Rd8 {[%clk 1:20:42]}
Rxc7 {[%clk 1:09:17]} 50. Rxc7 {[%clk 1:21:02]} h4 {[%clk 1:09:44]} 51. Rdd7
{[%clk 1:20:58]} Kh8 {[%clk 1:09:56]} 52. Rxg7 {[%clk 1:21:00]} hxg3 {[%clk
1:10:19]} 53. Rgd7 {[%clk 1:21:23]} gxf2+ {[%clk 1:10:39]} 54. Kxf2 {[%clk
1:21:47]} Kg8 {[%clk 1:11:05]} 55. Rd8# 1-0

[Event "DVM U12 2017"]
[Site "Magdeburg GER"]
[Date "2017.12.30"]
[Round "7"]
[White "Lutz, Ruben"]
[Black "Felten, Maximilian"]
[Result "1-0"]
[Termination "normal"]
[Board "5.1"]
[WhiteElo "1964"]
[BlackElo "1811"]
[WhiteClock "00:24:58"]
[BlackClock "00:01:05"]
[WhiteTeam "USV TU Dresden"]
[BlackTeam "SG Trier"]
[PlyCount "107"]
[WhiteFideId "12975974"]
[BlackFideId "4004949"]
[EventCountry "GER"]
[EventRounds "7"]
[EventType "team-swiss"]
[EventDate "2017.12.26"]

1. d4 {[%clk 1:30:57]} d5 {[%clk 1:30:47]} 2. Bf4 {[%clk 1:31:20]} Nf6 {[%clk
1:30:56]} 3. e3 {[%clk 1:31:35]} e6 {[%clk 1:30:52]} 4. Nf3 {[%clk 1:31:45]}
Be7 {[%clk 1:30:34]} 5. Nbd2 {[%clk 1:30:25]} c5 {[%clk 1:30:00]} 6. c3 {[%clk
1:30:10]} Nc6 {[%clk 1:28:28]} 7. Bd3 {[%clk 1:30:27]} Qb6 {[%clk 1:26:25]} 8.
Rb1 {[%clk 1:29:04]} Bd7 {[%clk 1:22:39]} 9. h3 {[%clk 1:28:02]} Rc8 {[%clk
1:19:24]} 10. O-O {[%clk 1:28:02]} O-O {[%clk 1:19:28]} 11. Ne5 {[%clk
1:22:59]} Rfd8 {[%clk 1:10:00]} 12. Qe2 {[%clk 1:21:28]} Bf8 {[%clk 1:04:25]}
13. Ndf3 {[%clk 1:16:19]} Be8 {[%clk 0:58:07]} 14. Rfe1 {[%clk 1:14:15]} a6
{[%clk 0:48:27]} 15. Rbd1 {[%clk 0:59:34]} Qa7 {[%clk 0:45:43]} 16. Bb1 {[%clk
0:58:16]} b5 {[%clk 0:44:33]} 17. Bg5 {[%clk 0:46:46]} Be7 {[%clk 0:40:34]} 18.
a3 {[%clk 0:46:23]} h6 {[%clk 0:39:04]} 19. Bh4 {[%clk 0:45:26]} c4 {[%clk
0:36:41]} 20. Qc2 {[%clk 0:39:10]} Ne4 {[%clk 0:33:38]} 21. Bxe7 Qxe7 {[%clk
0:33:28]} 22. Qe2 {[%clk 0:37:44]} f5 {[%clk 0:08:52]} 23. Bxe4 {[%clk
0:37:46]} fxe4 {[%clk 0:09:09]} 24. Nxc6 {[%clk 0:38:00]} Bxc6 {[%clk 0:09:18]}
25. Ne5 {[%clk 0:38:24]} Be8 {[%clk 0:09:19]} 26. Qg4 {[%clk 0:36:23]} Qf6
{[%clk 0:08:22]} 27. Rf1 {[%clk 0:36:03]} Qf5 {[%clk 0:06:50]} 28. f3 {[%clk
0:33:31]} Qxg4 {[%clk 0:06:39]} 29. fxg4 {[%clk 0:32:22]} Rc7 {[%clk 0:06:34]}
30. Rf4 {[%clk 0:32:27]} Bf7 {[%clk 0:06:46]} 31. Rdf1 {[%clk 0:27:35]} Rf8
{[%clk 0:06:25]} 32. h4 {[%clk 0:27:40]} g5 {[%clk 0:05:04]} 33. Rf6 {[%clk
0:27:29]} Kg7 {[%clk 0:05:00]} 34. h5 {[%clk 0:27:44]} Rb7 {[%clk 0:03:08]} 35.
Nxf7 {[%clk 0:27:43]} Rbxf7 {[%clk 0:03:18]} 36. Rg6+ {[%clk 0:28:03]} Kh7
{[%clk 0:03:41]} 37. Rxf7+ {[%clk 0:28:22]} Rxf7 {[%clk 0:04:06]} 38. Rxe6
{[%clk 0:28:45]} a5 {[%clk 0:01:01]} 39. Rb6 {[%clk 0:27:06]} b4 {[%clk
0:00:54]} 40. axb4 {[%clk 0:27:07]} axb4 {[%clk 0:01:15]} 41. Rxb4 {[%clk
0:27:28]} Rd7 {[%clk 0:01:27]} 42. Rb6 {[%clk 0:26:49]} Kg7 {[%clk 0:01:34]}
43. Kf2 {[%clk 0:27:06]} Kh7 {[%clk 0:01:02]} 44. b3 {[%clk 0:26:58]} cxb3
{[%clk 0:01:21]} 45. Rxb3 {[%clk 0:27:23]} Rd6 {[%clk 0:01:43]} 46. Rb5 {[%clk
0:26:54]} Kg7 {[%clk 0:01:54]} 47. Rb7+ {[%clk 0:26:15]} Kf8 {[%clk 0:01:48]}
48. Rc7 {[%clk 0:26:08]} Ke8 {[%clk 0:01:57]} 49. c4 {[%clk 0:25:39]} Kd8
{[%clk 0:02:11]} 50. Rc5 {[%clk 0:25:41]} dxc4 {[%clk 0:02:25]} 51. Rxc4 {[%clk
0:26:03]} Kd7 {[%clk 0:02:37]} 52. Rc5 {[%clk 0:25:36]} Re6 {[%clk 0:02:55]}
53. Rf5 {[%clk 0:24:58]} Kd6 {[%clk 0:01:05]} 54. d5 1-0

[Event "DVM U12 2017"]
[Site "Magdeburg GER"]
[Date "2017.12.30"]
[Round "7"]
[White "Metzdorf, Matteo"]
[Black "Lutz, Adam"]
[Result "1/2-1/2"]
[Termination "normal"]
[Board "5.2"]
[WhiteElo "1711"]
[BlackElo "1775"]
[WhiteClock "00:37:47"]
[BlackClock "01:04:25"]
[WhiteTeam "SG Trier"]
[BlackTeam "USV TU Dresden"]
[PlyCount "40"]
[WhiteFideId "16209869"]
[BlackFideId "16226615"]
[EventCountry "GER"]
[EventRounds "7"]
[EventType "team-swiss"]
[EventDate "2017.12.26"]

1. e4 {[%clk 1:30:55]} c5 {[%clk 1:30:54]} 2. Nc3 {[%clk 1:31:21]} Nc6 {[%clk
1:30:59]} 3. g3 {[%clk 1:31:42]} g6 {[%clk 1:31:13]} 4. Bg2 {[%clk 1:32:05]}
Bg7 {[%clk 1:31:39]} 5. d3 {[%clk 1:32:29]} e6 {[%clk 1:31:52]} 6. Be3 {[%clk
1:32:39]} d6 {[%clk 1:32:08]} 7. Qd2 {[%clk 1:33:00]} Nge7 {[%clk 1:31:34]} 8.
f4 {[%clk 1:33:01]} O-O {[%clk 1:31:06]} 9. Nf3 {[%clk 1:33:06]} Nd4 {[%clk
1:31:23]} 10. O-O Rb8 11. Nd1 {[%clk 1:29:48]} Nxf3+ {[%clk 1:29:43]} 12. Bxf3
{[%clk 1:29:49]} b5 {[%clk 1:28:38]} 13. c3 {[%clk 1:27:54]} Ba6 {[%clk
1:27:40]} 14. Nf2 {[%clk 1:25:50]} Qc7 {[%clk 1:27:11]} 15. Rac1 {[%clk
1:21:31]} Rfd8 {[%clk 1:23:54]} 16. Rfd1 {[%clk 1:16:47]} Qa5 {[%clk 1:22:20]}
17. e5 {[%clk 1:09:59]} Rbc8 {[%clk 1:08:18]} 18. exd6 {[%clk 1:06:01]} Nf5
{[%clk 1:08:18]} 19. Bxc5 {[%clk 0:44:18]} Nxd6 {[%clk 1:07:14]} 20. Qe2 {[%clk
0:37:47]} Qc7 {[%clk 1:04:25]} 1/2-1/2

[Event "DVM U12 2017"]
[Site "Magdeburg GER"]
[Date "2017.12.30"]
[Round "7"]
[White "Günther, Fabian"]
[Black "Marschall, Tillmann"]
[Result "1/2-1/2"]
[Termination "normal"]
[Board "5.3"]
[WhiteElo "1404"]
[BlackElo "1645"]
[WhiteClock "00:57:04"]
[BlackClock "00:57:20"]
[WhiteTeam "USV TU Dresden"]
[BlackTeam "SG Trier"]
[PlyCount "81"]
[WhiteFideId "16240294"]
[BlackFideId "12973220"]
[EventCountry "GER"]
[EventRounds "7"]
[EventType "team-swiss"]
[EventDate "2017.12.26"]

1. d4 Nf6 2. c4 e6 3. Nc3 Bb4 4. Bd2 b6 5. Nf3 Bb7 6. e3 O-O 7. Bd3 Bxc3 8.
Bxc3 Ne4 9. O-O Nxc3 10. bxc3 f5 11. Qe2 d6 {[%clk 1:28:53]} 12. e4 {[%clk
1:26:42]} fxe4 {[%clk 1:29:09]} 13. Bxe4 {[%clk 1:24:34]} d5 {[%clk 1:28:08]}
14. cxd5 {[%clk 1:24:54]} exd5 {[%clk 1:28:31]} 15. Bd3 {[%clk 1:20:59]} Nd7
{[%clk 1:26:19]} 16. Rfe1 {[%clk 1:15:49]} Re8 {[%clk 1:25:35]} 17. Qxe8+
{[%clk 1:16:15]} Qxe8 {[%clk 1:25:59]} 18. Rxe8+ {[%clk 1:16:42]} Rxe8 {[%clk
1:26:21]} 19. Re1 {[%clk 1:15:52]} Rxe1+ 20. Nxe1 {[%clk 1:26:45]} g6 {[%clk
1:15:27]} 21. Nf3 {[%clk 1:26:22]} Nf6 {[%clk 1:14:27]} 22. Ne5 {[%clk
1:24:48]} Ne4 {[%clk 1:13:05]} 23. c4 {[%clk 1:18:04]} Nc3 {[%clk 1:12:49]} 24.
a3 {[%clk 1:17:33]} Kg7 {[%clk 1:07:57]} 25. g3 {[%clk 1:13:15]} dxc4 {[%clk
1:07:36]} 26. Nxc4 {[%clk 1:11:56]} a6 {[%clk 1:02:55]} 27. Ne3 {[%clk
1:06:23]} Nb5 {[%clk 1:00:45]} 28. Bxb5 {[%clk 1:03:46]} axb5 {[%clk 1:00:36]}
29. f4 {[%clk 1:04:10]} c5 {[%clk 1:00:34]} 30. dxc5 {[%clk 1:03:27]} bxc5
{[%clk 1:00:57]} 31. Kf2 {[%clk 1:03:51]} Kf6 {[%clk 1:01:10]} 32. h4 {[%clk
1:03:11]} b4 {[%clk 1:00:13]} 33. axb4 {[%clk 1:01:36]} cxb4 {[%clk 1:00:36]}
34. Ke2 {[%clk 1:01:31]} Be4 {[%clk 0:59:24]} 35. Kd2 {[%clk 1:01:14]} Ke6
{[%clk 0:59:24]} 36. g4 {[%clk 1:00:58]} Kd6 {[%clk 0:58:40]} 37. h5 {[%clk
0:56:33]} Ke6 {[%clk 0:56:02]} 38. hxg6 {[%clk 0:56:08]} hxg6 {[%clk 0:56:28]}
39. f5+ {[%clk 0:56:14]} gxf5 {[%clk 0:56:54]} 40. gxf5+ {[%clk 0:56:41]} Bxf5
{[%clk 0:57:20]} 41. Nxf5 {[%clk 0:57:04]} 1/2-1/2